000 01815nam a2200421 a 4500
001 ebr10671035
003 CaPaEBR
006 m u
007 cr cn|||||||||
008 091109s2010 nyuabd sb 001 0 eng d
010 _z 2009044385
020 _z9781607414247 (hardcover)
020 _z9781614700715 (e-book)
040 _aCaPaEBR
_cCaPaEBR
035 _a(OCoLC)768111293
043 _an-usu--
050 1 4 _aTE23.5
_b.I46 2010eb
082 0 4 _a388.0976
_222
245 0 0 _aImpacts of climate change on transportation and infrastructure
_h[electronic resource] :
_ba Gulf Coast study /
_cIason Pavlopoulos, editor.
260 _aNew York :
_bNova Science Publishers,
_cc2010.
300 _axxiii, 331 p. :
_bill., maps.
490 1 _aClimate change and its causes, effects and prediction
504 _aIncludes bibliographical references and index.
533 _aElectronic reproduction.
_bPalo Alto, Calif. :
_cebrary,
_d2013.
_nAvailable via World Wide Web.
_nAccess may be limited to ebrary affiliated libraries.
650 0 _aRoads
_xDesign and construction
_xClimatic factors
_zGulf Coast (U.S.)
650 0 _aClimatic changes
_zGulf Coast (U.S.)
650 0 _aStorms
_zGulf Coast (U.S.)
650 0 _aFloods
_zGulf Coast (U.S.)
650 0 _aSustainable engineering
_zGulf Coast (U.S.)
650 0 _aTransportation
_xEnvironmental aspects
_zGulf Coast (U.S.)
650 0 _aInfrastructure (Economics)
_zGulf Coast (U.S.)
651 0 _aGulf Coast (U.S.)
_xClimate.
655 7 _aElectronic books.
_2local
700 1 _aPavlopoulos, Iason.
710 2 _aebrary, Inc.
830 0 _aClimate change and its causes, effects, and prediction series.
856 4 0 _uhttp://site.ebrary.com/lib/rucke/Doc?id=10671035
_zAn electronic book accessible through the World Wide Web; click to view
999 _c162071
_d162071